000 00810nam a2200253 a 4500
001 000022908
005 20260520104306.0
008 101122s1986 ag r 000 0 spa d
020 _a9509432695
040 _aDO-SdBNP
_bspa
_cBNPHU
082 _a327.172
_bL936p
245 0 3 _aLa lucha por la paz /
_cedición Charles Duryea Smith ; traducción Antonio Bonanno.
260 _aBuenos Aires, Argentina :
_bGrupo Editor latinoamericano,
_c1986.
300 _a275 p. ;
_c23 cm.
490 1 _aTemas
500 _aIncluye notas al pie de las páginas.
534 _aThe hundred percent challenge
650 0 _aRelaciones internacionales
_9399
650 4 _aPaz
_929363
700 1 _aDuryea Smith, Charles,
_eed.
_947095
700 1 _aBonanno, Antonio,
_etr.
_99085
830 0 _aTemas
_99064
049 _aBNGR
999 _c22405
_d22405